Piloti Vincitori dei Gran Premi di Formula 1 2001 - Statistics

Statistiche generali
  • Questo quiz è stato fatto 14 volte
  • Il punteggio medio è 16 su 17
Statistiche sulle risposte
Gran Premio Vincitore % Corretto
Gran Premio d'Australia Michael Schumacher
100%
Gran Premio della Malesia Michael Schumacher
100%
Gran Premio di Spagna Michael Schumacher
100%
Gran Premio di Monaco Michael Schumacher
100%
Gran Premio d'Europa Michael Schumacher
100%
Gran Premio di Francia Michael Schumacher
100%
Gran Premio d'Ungheria Michael Schumacher
100%
Gran Premio del Belgio Michael Schumacher
100%
Gran Premio del Giappone Michael Schumacher
100%
Gran Premio di San Marino Ralf Schumacher
100%
Gran Premio del Canada Ralf Schumacher
100%
Gran Premio di Germania Ralf Schumacher
100%
Gran Premio del Brasile David Coulthard
85%
Gran Premio d'Austria David Coulthard
85%
Gran Premio di Gran Bretagna Mika Häkkinen
77%
Gran Premio degli Stati Uniti Mika Häkkinen
77%
Gran Premio d'Italia Juan Pablo Montoya
62%
Nessun quiz corrispondente trovato
Distribuzione punteggi
Percentuale di utenti per punteggio
Percentile per numero di risposta
I tuoi punteggi nel tempo
Non hai fatto questo quiz